Города Удмуртии - Statistics

General Stats
  • This quiz has been taken 65 times
  • The average score is 5 of 6
Answer Stats
Население Город % Correct
618 776 Ижевск
100%
97 471 Воткинск
90%
91 115 Сарапул
88%
87 762 Глазов
83%
44 345 Можга
76%
10 080 Камбарка
50%
No matching quizzes found
Score Distribution
Percent of People with Each Score
Percentile by Number Answered
Your Score History
You have not taken this quiz